Wawasan Open University biennial report (Record no. 149866)

MARC details
000 -LEADER
fixed length control field 00533nas a2200181 i 4500
001 - CONTROL NUMBER
control field C2-0336463
003 - CONTROL NUMBER IDENTIFIER
control field PPAK
005 - DATE AND TIME OF LATEST TRANSACTION
control field 20180729123436.0
008 - FIXED-LENGTH DATA ELEMENTS--GENERAL INFORMATION
fixed length control field 160620s my a|||| ||||| | eng d
040 ## - CATALOGING SOURCE
Original cataloging agency PPAK
Language of cataloging eng
Transcribing agency PPAK
Description conventions rda
245 00 - TITLE STATEMENT
Title Wawasan Open University biennial report
264 #1 - PRODUCTION, PUBLICATION, DISTRIBUTION, MANUFACTURE, AND COPYRIGHT NOTICE
Place of production, publication, distribution, manufacture Penang :
Name of producer, publisher, distributor, manufacturer Wawasan Open University ,
336 ## - CONTENT TYPE
Source rdacontent
Content type term text
337 ## - MEDIA TYPE
Source rdamedia
Media type term unmediated
338 ## - CARRIER TYPE
Source rdacarrier
Carrier type term volume
650 10 - SUBJECT ADDED ENTRY--TOPICAL TERM
Topical term or geographic name entry element Education, Higher. ; Education, Higher - Malaysia - Periodical.
942 ## - ADDED ENTRY ELEMENTS (KOHA)
-- dc
Koha item type Serial
Holdings
Withdrawn status Lost status Source of classification or shelving scheme Damaged status Not for loan Collection code Home library Current library Shelving location Date acquired Source of acquisition Cost, normal purchase price Full call number Barcode Date last seen Copy number Cost, replacement price Price effective from Koha item type
    Dewey Decimal Classification   Not For Loan RFID Perpustakaan Alor Setar Perpustakaan Alor Setar R 28/06/2016 Ministry of Finance Malaysia 0.00 R 398.595 WAW A00878739 03/04/2018 H031739 10.00 03/04/2018 Serial
    Dewey Decimal Classification   Not For Loan RFID Perpustakaan Alor Setar Perpustakaan Alor Setar R 28/06/2016 Ministry of Finance Malaysia 0.00 R 398.595 WAW A00878740 03/04/2018 H031740 10.00 03/04/2018 Serial